00257nam a2200097Ia 4500008004000000082001300040100002700053245003600080260003400116300000900150210210b1981 xxu||||| |||| 00| 0 eng d a158 DEMP aDE MELO (Francis), Ed. aYou and work students workbook. aDelhibFrank Bros & co.c1981 av,68